Evoluční teorie růstu - Smithovsko-Schumpeterovská inspirace

Princípy evolučných teórií. Evolučné procesy ovplyvňujúce rast. Mechanizmus tvorby nových prvkov. Selekčný mechanizmus. Systematické vplyvy pôsobiace na ekonomický rast. Americká konjunktúra v druhej polovici 90. rokov.

Salvato in:
Dettagli Bibliografici
Autore principale: Krčál, Ondřej
Natura: Capitolo di libro
Lingua:ceco
Soggetti:
Tags: Aggiungi Tag
Nessun Tag, puoi essere il primo ad aggiungerne!!

MARC

LEADER 00000naa$a2200000$$$4500
001 0077492
005 20231107115115.8
041 0 |a cze 
044 |a CZ 
245 1 0 |a Evoluční teorie růstu - Smithovsko-Schumpeterovská inspirace  |c Ondřej Krčál 
520 |a Princípy evolučných teórií. Evolučné procesy ovplyvňujúce rast. Mechanizmus tvorby nových prvkov. Selekčný mechanizmus. Systematické vplyvy pôsobiace na ekonomický rast. Americká konjunktúra v druhej polovici 90. rokov. 
610 2 0 |a rast hospodársky 
610 2 0 |a teórie rastu hospodárskeho 
610 2 0 |a trh 
610 2 0 |a deľba práce 
610 2 0 |a výroba 
100 1 |a Krčál, Ondřej